| 000 | 01140nam a22002537a 4500 | ||
|---|---|---|---|
| 003 | BPGM | ||
| 008 | 260408s mx ||||| |||| 00| 0 spa d | ||
| 020 | _a968-29-1064-1 | ||
| 040 |
_aBPGM _bspa |
||
| 041 |
_aspa _hspa |
||
| 082 | 0 | 4 |
_a793.33 / _bD34 _2PRIMERA EDICION |
| 100 | _aDALLAL, ALBERTO | ||
| 245 | _aEL "DANCING" MEXICANO | ||
| 260 |
_aMÉXICO : _bEDICIONES OASIS, _c1982. |
||
| 300 |
_a207 páginas; _c13.1 cm x 21 cm |
||
| 336 |
_2rdacontent _atexto _btxt |
||
| 337 |
_2rdamedia _asin mediación _bn |
||
| 338 |
_2rdacarrier _avolumen _bnc |
||
| 505 | _aDE ESTUDIOSO DE LA DANZA EN SUS MANIFESTACIONES CONSIDERADAS "MAS PURAS" COMO EL BALLET, TANTO EL CLASICO COMO SUS RAMAS MAS MODERNAS, AÑBERTO DALLAL (CIUDAD DE MÉXICO, 1936) INCURSIONA EN EL "DANCING" MEXICANO (1982), ENSAYO GANADOR DEL PREMIO VILLAURRUTIA DE ESE AÑO, POR EL FABULOSO MUNDO DE LOS SALONES DE BAILE Y DE SU PECULIAR ESTILO DE PRACTICAR EL LLAMADO ARTE DE TERPSICOPE. | ||
| 650 | _aLAS ARTES LAS BELLAS ARTES Y ARTES DECORATIVAS | ||
| 650 | _aARTES RECREATIVAS Y DELA ACTUACION | ||
| 650 | _aJUEGOS Y DIVERSIONES BAJO TECHO | ||
| 942 |
_2ddc _cGENERAL |
||
| 999 |
_c68563 _d68563 |
||